select all of the csa states - Statistics

General Stats
  • This quiz has been taken 16 times
  • The average score is 10 of 12
Answers on the Map
Answers color-coded by a green-red scale on the quiz's map according to % correct below.
 
Answer Stats
Answer % Correct
south carolina
93%
Florida
87%
Georgia
87%
north carolina
87%
Tennessee
87%
texas
87%
Virginia
87%
arkansas
80%
Louisiana
80%
Alabama
73%
Indian territory
73%
missipipi
73%
No matching quizzes found
Score Distribution
Percent of People with Each Score
Percentile by Number Answered
Your Score History
You have not taken this quiz